PHARMACY HERALD B PHARMACY FIRST SEMESTER (Record no. 215446)

MARC details
000 -LEADER
fixed length control field 00350nam a2200133Ia 4500
008 - FIXED-LENGTH DATA ELEMENTS--GENERAL INFORMATION
fixed length control field 230704s9999 xx 000 0 und d
020 ## - INTERNATIONAL STANDARD BOOK NUMBER
International Standard Book Number 9788195102297
100 ## - MAIN ENTRY--PERSONAL NAME
Personal name SOWMYA, B.A.
245 #0 - TITLE STATEMENT
Title PHARMACY HERALD B PHARMACY FIRST SEMESTER
260 ## - PUBLICATION, DISTRIBUTION, ETC.
Name of publisher, distributor, etc. EMMESS MEDICAL PUBLISHERS, BANGALORE
Date of publication, distribution, etc. 2021
300 ## - PHYSICAL DESCRIPTION
Extent 378
650 ## - SUBJECT ADDED ENTRY--TOPICAL TERM
Topical term or geographic name entry element Pharmacy
942 ## - ADDED ENTRY ELEMENTS (KOHA)
Koha item type Book
Holdings
Withdrawn status Lost status Source of classification or shelving scheme Damaged status Not for loan Home library Current library Shelving location Date acquired Total Checkouts Barcode Date last seen Date last checked out Price effective from Koha item type Public note
    Dewey Decimal Classification     Mewar University Central Library Mewar University Central Library Pharmacy 15/05/2023 7 PH4611 20/01/2026 05/01/2026 10/07/2023 Book pharmacy R-24 S-2